[Event "Moscow op"]
[Site "Moscow"]
[Date "2011.01.04"]
[Round "2"]
[White "Savatyev, Alexander"]
[Black "Yarmolenko, Evgeny"]
[Result "0-1"]
[WhiteElo "2163"]
[BlackElo "2240"]
[PlyCount "98"]
[EventDate "2011.01.03"]
[EventType "swiss"]
[EventRounds "9"]
[EventCountry "RUS"]
[SourceTitle "CBM 140 Extra"]
[Source "ChessBase"]
[SourceDate "2011.03.01"]
[SourceVersion "1"]
[SourceVersionDate "2011.03.01"]
[SourceQuality "1"]

1. e4 c5 2. Nf3 e6 3. Nc3 a6 4. g3 Nc6 5. Bg2 Nf6 6. 0-0 d5 7. exd5 Nxd5 8. Re1 Nf6 9. d3 Be7 10. a4 0-0 11. Nd2 Bd7 12. Nc4 b6 13. Bf4 Ra7 14. h4 Nb4 15. a5 b5 16. Ne5 Be8 17. h5 Nfd5 18. Bd2 f6 19. Nf3 e5 20. h6 g6 21. Ne4 Nc7 22. Be3 Ne6 23. Bh3 Nd4 24. Nxd4 cxd4 25. Be6+ Bf7 26. Bxf7+ Rxf7 27. Bd2 Rc7 28. Bxb4 Bxb4 29. Re2 Bf8 30. Qd2 f5 31. Ng5 Rfe7 32. Nf3 Qd5 33. Nh4 f4 34. Re4 Bxh6 35. Nf3 Qf7 36. Kg2 Kg7 37. Rh1 Qf6 38. Qe2 fxg3 39. Nxe5 Qxf2+ 40. Qxf2 gxf2 41. Kxf2 Rxc2+ 42. Kf3 Be3 43. b4 Rf2+ 44. Kg3 h5 45. Nf3 Rf7 46. Nxd4 Bxd4 47. Rxd4 R7f3+ 48. Kh4 Kh6 49. Rd6 Rg2 0-1

[Event "Moscow op"]
[Site "Moscow"]
[Date "2011.01.03"]
[Round "1"]
[White "Savatyev, Alexander"]
[Black "Saulin, Dmitri"]
[Result "1-0"]
[WhiteElo "2163"]
[BlackElo "2432"]
[PlyCount "77"]
[EventDate "2011.01.03"]
[EventType "swiss"]
[EventRounds "9"]
[EventCountry "RUS"]
[SourceTitle "CBM 140 Extra"]
[Source "ChessBase"]
[SourceDate "2011.03.01"]
[SourceVersion "1"]
[SourceVersionDate "2011.03.01"]
[SourceQuality "1"]

1. e4 c5 2. Nf3 g6 3. Nc3 Bg7 4. g3 Nc6 5. Bg2 d6 6. 0-0 Bg4 7. h3 Bxf3 8. Bxf3 Nf6 9. d3 0-0 10. Bg5 Rb8 11. Ne2 Qb6 12. Rb1 Qa6 13. a3 Rfc8 14. Bg2 b5 15. f4 h6 16. Bh4 Nd7 17. g4 b4 18. axb4 Rxb4 19. b3 Rb5 20. Kh1 Ra5 21. g5 hxg5 22. Bxg5 Ra2 23. f5 Nf8 24. Bxe7 Nxe7 25. f6 Bxf6 26. Rxf6 Nd7 27. Rf2 Qa5 28. h4 Kg7 29. Bh3 Rd8 30. Bxd7 Rxd7 31. h5 c4 32. hxg6 Nxg6 33. Ng3 cxb3 34. Nf5+ Kf8 35. Rxb3 Rd8 36. Qh5 Qe5 37. Rb7 Ra1+ 38. Kg2 Qf4 39. Rxf7+ 1-0